[Excavaciones arqueológicas en Kenézló (Record no. 84433)

MARC details
000 -LEADER
campo de control de longitud fija 02644nkc a2200313za 4500
001 - NÚMERO DE CONTROL
campo de control 84433
003 - IDENTIFICADOR DE NÚMERO DE CONTROL
campo de control OSt
005 - FECHA Y HORA DE LA ÚLTIMA TRANSACCIÓN
campo de control 20260420150930.0
007 - CAMPO FIJO DE DESCRIPCIÓN FÍSICA--INFORMACIÓN GENERAL
campo de control de longitud fija kh bo
008 - DATOS DE LONGITUD FIJA--INFORMACIÓN GENERAL
campo de control de longitud fija 250408s1895 sp ||||| |||| 00| i|spa d
040 ## - FUENTE DE CATALOGACIÓN
Centro/agencia transcriptor M-RABA
Centro catalogador/agencia de origen M-RABA
Lengua de catalogación spa
245 01 - MENCIÓN DEL TÍTULO
Título [Excavaciones arqueológicas en Kenézló
Resto del título : hallazgo de restos humanos]
Medio [Material gráfico]
260 ## - PUBLICACIÓN, DISTRIBUCIÓN, ETC.
Fecha de publicación, distribución, etc. [ca. 1895]
300 ## - DESCRIPCIÓN FÍSICA
Extensión 6 fotografías
Otras características físicas : gelatina
Dimensiones ; 18 x 16 cm (medidas mínimas)
-- ; 11 x 17 cm (medidas máximas)
500 ## - NOTA GENERAL
Nota general Conjunto de seis fotografías que representan excavaciones arqueológicas en Kenézló, Hungría.
500 ## - NOTA GENERAL
Nota general Las fotografías presentan restos al verso de pegamento, parecen haber sido despegadas de un soporte secundario. Muchas de ellas presentan roturas.
500 ## - NOTA GENERAL
Nota general Acompaña una nota con anotaciones mecanografiadas: “L’âge de la migration des euples. 1. Une sépulture de la cimetière de Cikó. Fouilles exécutées par M. Wossinszky en 1895”. 2.-6. Procédé des foulles des cimetières. Sépultures du temps de la conquète hogroise / IX. Ème siècle/ mis au jour par N. Fettich à Kenézló".
500 ## - NOTA GENERAL
Nota general Acompaña una nota con anotaciones mecanografiadas (traducción): La edad de la migración de los euples. 1. Un enterramiento del cementerio de Cikó. Excavaciones realizadas por M. Wossinszky en 1895". 2.-6. Método de excavación del cementerio. Enterramientos de la época de la conquista de Hogroise / siglo IX. siglo/ excavados por N. Fettich en Kenézló
651 #7 - PUNTO DE ACCESO ADICIONAL DE MATERIA--NOMBRE GEOGRÁFICO
Nombre geográfico Hungría
Fuente del encabezamiento o término embne
9 (RLIN) 75079
655 #7 - TERMINO DE INDIZACIÓN--GENERO/FORMA
Datos o término principal de género/forma Fotografías.
9 (RLIN) 54128
852 ## - LOCALIZACIÓN
Número de control de estantería Fot-568 ; Fot-569 ; Fot-570 ; Fot-571 ; Fot-572 ; Fot-573
856 ## - LOCALIZACIÓN Y ACCESO ELECTRÓNICOS
Materiales especificados Fot-568
Identificador Uniforme de Recurso <a href="https://archivoybiblioteca.realacademiabellasartessanfernando.com/cgi-bin/koha/opac-retrieve-file.pl?id=eb50e1859cd1ccf859f738a48d4a9f33">https://archivoybiblioteca.realacademiabellasartessanfernando.com/cgi-bin/koha/opac-retrieve-file.pl?id=eb50e1859cd1ccf859f738a48d4a9f33</a>
856 ## - LOCALIZACIÓN Y ACCESO ELECTRÓNICOS
Materiales especificados Fot-569
Identificador Uniforme de Recurso <a href="https://archivoybiblioteca.realacademiabellasartessanfernando.com/cgi-bin/koha/opac-retrieve-file.pl?id=a6b7b4c44f466691a26e0720baa53276">https://archivoybiblioteca.realacademiabellasartessanfernando.com/cgi-bin/koha/opac-retrieve-file.pl?id=a6b7b4c44f466691a26e0720baa53276</a>
856 ## - LOCALIZACIÓN Y ACCESO ELECTRÓNICOS
Materiales especificados Fot-570
Identificador Uniforme de Recurso <a href="https://archivoybiblioteca.realacademiabellasartessanfernando.com/cgi-bin/koha/opac-retrieve-file.pl?id=2ef92ba4f02c192e8fe4e2b6149669f2">https://archivoybiblioteca.realacademiabellasartessanfernando.com/cgi-bin/koha/opac-retrieve-file.pl?id=2ef92ba4f02c192e8fe4e2b6149669f2</a>
856 ## - LOCALIZACIÓN Y ACCESO ELECTRÓNICOS
Materiales especificados Fot-571
Identificador Uniforme de Recurso <a href="https://archivoybiblioteca.realacademiabellasartessanfernando.com/cgi-bin/koha/opac-retrieve-file.pl?id=c9ad138946a4b27b3f72a59e6ec28394">https://archivoybiblioteca.realacademiabellasartessanfernando.com/cgi-bin/koha/opac-retrieve-file.pl?id=c9ad138946a4b27b3f72a59e6ec28394</a>
856 ## - LOCALIZACIÓN Y ACCESO ELECTRÓNICOS
Materiales especificados Fot-572
Identificador Uniforme de Recurso <a href="https://archivoybiblioteca.realacademiabellasartessanfernando.com/cgi-bin/koha/opac-retrieve-file.pl?id=6312e64a877f0aa2cd7b644388dda6e1">https://archivoybiblioteca.realacademiabellasartessanfernando.com/cgi-bin/koha/opac-retrieve-file.pl?id=6312e64a877f0aa2cd7b644388dda6e1</a>
856 ## - LOCALIZACIÓN Y ACCESO ELECTRÓNICOS
Materiales especificados Fot-573
Identificador Uniforme de Recurso <a href="https://archivoybiblioteca.realacademiabellasartessanfernando.com/cgi-bin/koha/opac-retrieve-file.pl?id=ba4739a731f8edb029c01102ba1c3bdb">https://archivoybiblioteca.realacademiabellasartessanfernando.com/cgi-bin/koha/opac-retrieve-file.pl?id=ba4739a731f8edb029c01102ba1c3bdb</a>
942 ## - ELEMENTOS DE ENTRADA SECUNDARIOS (KOHA)
Fuente de la clasificación o esquema de estantería Clasificación Decimal Dewey
Tipo de ítem Koha Fotografías
Suprimir en OPAC No
Holdings
Estatus retirado Estado de pérdida Fuente de la clasificación o esquema de estantería Estado de daño No para préstamo Colección Biblioteca de origen Biblioteca actual Ubicación en estantería Fecha de adquisición Total de préstamos Signatura topográfica completa Código de barras Visto por última vez Precio de reemplazo Tipo de ítem Koha
    Clasificación Decimal Dewey     Fotografía Real Academia de la Bellas Artes de San Fernando Real Academia de la Bellas Artes de San Fernando Depósito 2 08/04/2025   Fot-568 1095308 08/04/2025 08/04/2025 Fotografías
    Clasificación Decimal Dewey     Fotografía Real Academia de la Bellas Artes de San Fernando Real Academia de la Bellas Artes de San Fernando Depósito 2 20/04/2026   Fot-569 1097003 20/04/2026 20/04/2026 Fotografías
    Clasificación Decimal Dewey     Fotografía Real Academia de la Bellas Artes de San Fernando Real Academia de la Bellas Artes de San Fernando Depósito 2 20/04/2026   Fot-570 1097004 20/04/2026 20/04/2026 Fotografías
    Clasificación Decimal Dewey     Fotografía Real Academia de la Bellas Artes de San Fernando Real Academia de la Bellas Artes de San Fernando Depósito 2 20/04/2026   Fot-571 1097005 20/04/2026 20/04/2026 Fotografías
    Clasificación Decimal Dewey     Fotografía Real Academia de la Bellas Artes de San Fernando Real Academia de la Bellas Artes de San Fernando Depósito 2 20/04/2026   Fot-572 1097006 20/04/2026 20/04/2026 Fotografías
    Clasificación Decimal Dewey     Fotografía Real Academia de la Bellas Artes de San Fernando Real Academia de la Bellas Artes de San Fernando Depósito 2 20/04/2026   Fot-573 1097007 20/04/2026 20/04/2026 Fotografías

Powered by Koha